| 000 | 01374nam a22003257a 4500 | ||
|---|---|---|---|
| 003 | OSt | ||
| 005 | 20230220033846.0 | ||
| 008 | 160203b xxu||||| |||| 00| 0 eng d | ||
| 010 | _a 2003066476 | ||
| 020 | _a0072830026 (acidfree paper) | ||
| 040 |
_aMMU _cMMU _dMMU _beng |
||
| 050 | 0 | 0 |
_aZ52.5.M52 _bH327 2004 |
| 082 | 0 | 0 |
_a005.52 _222 |
| 100 | 1 | _aHaag, Stephen. | |
| 245 | 1 | 0 |
_aMicrosoft Office Word 2003, introductory / _cStephen Haag, James Perry, Paige Baltzan. |
| 260 |
_aBoston : _bMcGraw-Hill Technology Education, _c2004. |
||
| 300 |
_a1 v. (various pagings) : _bill. ; _c28 cm. |
||
| 440 | 4 | _aThe I-series | |
| 500 | _aIncludes index. | ||
| 630 | 0 | 0 | _aMicrosoft Word. |
| 650 | 0 | _aWord processing. | |
| 700 | 1 | _aPerry, James T. | |
| 700 | 1 | _aBaltzan, Paige. | |
| 856 | 4 | 2 |
_3Publisher description _uhttp://www.loc.gov/catdir/description/mh051/2003066476.html |
| 856 | 4 | 1 |
_3Table of contents only _uhttp://www.loc.gov/catdir/enhancements/fy0615/2003066476-t.html |
| 856 | 4 | 2 |
_3Contributor biographical information _uhttp://www.loc.gov/catdir/enhancements/fy0737/2003066476-b.html |
| 906 |
_a7 _bcbc _corignew _d1 _eocip _f20 _gy-gencatlg |
||
| 942 |
_2lcc _cLOAN LOAN |
||
| 999 |
_c16362 _d16362 |
||